| 000 | 01283cam a22003615i 4500 | ||
|---|---|---|---|
| 001 | 22663819 | ||
| 005 | 20230220094117.0 | ||
| 008 | 220624s2022 pk 000 0 eng | ||
| 010 | _a 2022312826 | ||
| 020 | _a9789692371902 | ||
| 037 | _bLibrary of Congress -- Islamabad Overseas Office | ||
| 040 |
_aDLC _beng _cDLC _erda |
||
| 041 | 1 |
_aeng _aara _aper _hurd |
|
| 042 | _alcode | ||
| 043 |
_aa-pk--- _aa-ii--- |
||
| 082 |
_a954.6 _bGEE |
||
| 100 | 1 |
_aGīlānī, Sayyid ʻAlī, _d1929-2021, _eauthor. _9109236 |
|
| 245 | 1 | 0 |
_aBy the banks of the Wular / _cSyed Ali Geelani ; translated by Mansoor Naqashbandi ; edited Nur ul Iman. |
| 246 | 1 | 4 |
_aBy the banks of Wular : _blife, mission & struggle |
| 250 | _aFirst edition. | ||
| 264 | 1 |
_aIslamabad : _bLegal Forum for Kashmir, _c2022. |
|
| 300 |
_aix, 360 pages ; _c22 cm |
||
| 336 |
_atext _btxt _2rdacontent |
||
| 337 |
_aunmediated _bn _2rdamedia |
||
| 338 |
_avolume _bnc _2rdacarrier |
||
| 500 | _a"An English adaption of Wular Kinarey vol 1"--Cover. | ||
| 500 | _aCitations in Arabic, Persian and Urdu. | ||
| 700 | 1 |
_aNaqashbandi, Mansoor, _etranslator. _9109237 |
|
| 700 | 0 |
_aNur ul Iman, _eeditor. _9109238 |
|
| 906 |
_a7 _bibc _corigode _d3 _encip _f20 _gy-gencatlg |
||
| 942 |
_2ddc _cBK |
||
| 999 |
_c593358 _d593358 |
||